[Event "Karnataka State Open-ch 2018"]
[Site "Bengaluru"]
[Date "2018.04.15"]
[Round "4"]
[White "Manjunath, J."]
[Black "Mitul, K H"]
[Result "1-0"]
[WhiteElo "1986"]
[BlackElo "1341"]
[Annotator "NA"]
[PlyCount "209"]
[EventDate "2018.??.??"]
[EventType "swiss"]
[EventCountry "IND"]
[SourceTitle "playchess.com"]
[Source "ChessBase"]
[SourceQuality "1"]
[TimeControl "5400+30"]

1. e4 {[%emt 0:00:00]} e5 {[%emt 0:00:05]} 2. Nf3 {[%emt 0:00:00]} Nc6 {[%emt 0:00:07]} 3. Bb5 {[%emt 0:00:15]} a6 {[%emt 0:00:07]} 4. Ba4 {[%emt 0:00:10]} b5 {[%emt 0:00:07]} 5. Bb3 {[%emt 0:00:06]} Bc5 {[%emt 0:00:08]} 6. d3 {[%emt 0:00:43]} h6 {[%emt 0:00:29]} 7. c3 {[%emt 0:01:02]} d6 {[%emt 0:00:15]} 8. h3 {[%emt 0:00:40]} Nf6 {[%emt 0:00:16]} 9. Nbd2 {[%emt 0:00:17]} O-O {[%emt 0:00:27]} 10. Nf1 {[%emt 0:00:19]} a5 {[%emt 0:01:33]} 11. Ng3 {[%emt 0:00:26]} a4 {[%emt 0:00:20]} 12. Bc2 {[%emt 0:01:07]} d5 {[%emt 0:01:23]} 13. Qe2 {[%emt 0:01:55]} d4 {[%emt 0:07:25]} 14. a3 {[%emt 0:02:21]} Be6 {[%emt 0:01:02]} 15. Nh4 {[%emt 0:02:04]} Ne7 {[%emt 0:00:47]} 16. Nh5 {[%emt 0:04:49]} Ng6 {[%emt 0:01:48]} 17. Nf5 {[%emt 0:01:49]} Bxf5 {[%emt 0:11:25]} 18. exf5 {[%emt 0:00:22]} Nh8 {[%emt 0:00:53]} 19. O-O {[%emt 0:05:36]} Re8 {[%emt 0:15:16]} 20. Ng3 Qd5 21. Re1 {[%emt 0:13:17]} Re7 {[%emt 0:10:29]} 22. Bd2 {[%emt 0:08:37]} Rae8 {[%emt 0:00:41]} 23. Ne4 {[%emt 0:04:24]} Nxe4 {[%emt 0:01:01]} 24. dxe4 {[%emt 0:00:32]} Qc6 {[%emt 0:00:45]} 25. Bd3 {[%emt 0:00:28]} Rb8 {[%emt 0:00:21]} 26. Rac1 {[%emt 0:01:02]} Qb6 {[%emt 0:00:50]} 27. Rc2 {[%emt 0:02:16]} dxc3 {[%emt 0:05:20]} 28. Bxc3 {[%emt 0:00:29]} b4 {[%emt 0:00:12]} 29. axb4 {[%emt 0:02:11]} Bxb4 {[%emt 0:00:24]} 30. Ra1 {[%emt 0:00:42]} Bxc3 {[%emt 0:00:49]} 31. bxc3 {[%emt 0:00:12]} Ra8 {[%emt 0:06:13]} 32. Rca2 {[%emt 0:00:05]} Qc6 {[%emt 0:03:16]} 33. Qc2 {[%emt 0:01:15]} Rd7 {[%emt 0:01:01]} 34. Bf1 {[%emt 0:00:28]} Rad8 {[%emt 0:00:27]} 35. Qxa4 {[%emt 0:06:21]} Qxc3 {[%emt 0:01:24]} 36. Rc2 {[%emt 0:00:10]} Qd4 {[%emt 0:00:23]} 37. Qxd4 {[%emt 0:01:51]} exd4 {[%emt 0:00:17]} 38. Bd3 {[%emt 0:00:14]} f6 {[%emt 0:01:11]} 39. Ra7 {[%emt 0:00:36]} Nf7 {[%emt 0:00:26]} 40. f4 {[%emt 0:00:39]} Rc8 {[%emt 0:00:48]} 41. Rc5 {[%emt 0:00:55]} Re7 {[%emt 0:02:56]} 42. Kf2 {[%emt 0:00:45]} Kf8 {[%emt 0:00:39]} 43. Kf3 {[%emt 0:00:23]} c6 {[%emt 0:00:38]} 44. Ra6 {[%emt 0:01:08]} Nd8 {[%emt 0:01:09]} 45. e5 {[%emt 0:04:50]} fxe5 {[%emt 0:03:42]} 46. fxe5 {[%emt 0:00:50]} Nb7 {[%emt 0:08:57]} 47. Raxc6 {[%emt 0:00:46]} Rxc6 {[%emt 0:00:07]} 48. Rxc6 {[%emt 0:00:02]} Rxe5 {[%emt 0:00:17]} 49. Kf4 {[%emt 0:03:44]} Re8 {[%emt 0:08:07]} 50. f6 {[%emt 0:01:29]} g5+ {[%emt 0:01:21]} 51. Kf5 {[%emt 0:00:09]} Nd8 {[%emt 0:01:25]} 52. Rd6 {[%emt 0:00:21]} Nf7 {[%emt 0:00:24]} 53. Rxd4 {[%emt 0:00:16]} Re5+ {[%emt 0:01:43]} 54. Kg6 {[%emt 0:00:54]} g4 {[%emt 0:02:07]} 55. h4 {[%emt 0:00:25]} Ra5 {[%emt 0:02:20]} 56. Bb1 {[%emt 0:02:42]} Kg8 {[%emt 0:01:05]} 57. Bf5 {[%emt 0:04:59]} Nh8+ {[%emt 0:00:58]} 58. Kxh6 {[%emt 0:00:19]} Rxf5 {[%emt 0:00:29]} 59. Rd8+ {[%emt 0:00:39]} Kf7 {[%emt 0:00:08]} 60. Rxh8 {[%emt 0:00:27]} Rxf6+ {[%emt 0:00:34]} 61. Kh5 {[%emt 0:00:51]} g3 {[%emt 0:00:57]} 62. Rh7+ {[%emt 0:01:27]} Kg8 {[%emt 0:00:20]} 63. Rh6 {[%emt 0:00:08]} Rf4 {[%emt 0:00:46]} 64. Rg6+ {[%emt 0:00:17]} Kh7 {[%emt 0:00:11]} 65. Rxg3 {[%emt 0:00:15]} Ra4 {[%emt 0:00:08]} 66. Rg5 {[%emt 0:00:24]} Ra6 {[%emt 0:00:37]} 67. g3 {[%emt 0:00:47]} Rb6 {[%emt 0:00:17]} 68. Ra5 {[%emt 0:00:13]} Rh6+ {[%emt 0:00:08]} 69. Kg5 {[%emt 0:00:12]} Rg6+ {[%emt 0:00:07]} 70. Kf4 {[%emt 0:00:06]} Rf6+ {[%emt 0:00:16]} 71. Rf5 {[%emt 0:00:05]} Ra6 {[%emt 0:00:14]} 72. g4 {[%emt 0:00:07]} Kg6 {[%emt 0:00:50]} 73. h5+ {[%emt 0:00:20]} Kh6 {[%emt 0:00:31]} 74. Rb5 {[%emt 0:00:27]} Rf6+ {[%emt 0:00:23]} 75. Kg3 {[%emt 0:00:08]} Ra6 {[%emt 0:02:11]} 76. Kh4 {[%emt 0:00:16]} Ra4 {[%emt 0:00:26]} 77. Rb6+ {[%emt 0:00:10]} Kg7 {[%emt 0:00:24]} 78. h6+ {[%emt 0:00:07]} Kh7 {[%emt 0:00:15]} 79. Kh5 {[%emt 0:00:08]} Ra1 {[%emt 0:00:10]} 80. Rb7+ {[%emt 0:00:13]} Kh8 {[%emt 0:00:42]} 81. g5 {[%emt 0:02:07]} Ra5 {[%emt 0:00:38]} 82. Rf7 {[%emt 0:04:29]} Kg8 {[%emt 0:00:55]} 83. Rf6 {[%emt 0:01:09]} Kh7 {[%emt 0:00:17]} 84. Kg4 {[%emt 0:00:14]} Ra4+ {[%emt 0:00:16]} 85. Rf4 {[%emt 0:00:25]} Ra1 {[%emt 0:00:35]} 86. Rf7+ {[%emt 0:01:38]} Kh8 {[%emt 0:00:32]} 87. Re7 {[%emt 0:02:28]} Ra5 {[%emt 0:00:56]} 88. g6 {[%emt 0:00:42]} Ra4+ {[%emt 0:00:04]} 89. Kf5 {[%emt 0:00:40]} Ra5+ {[%emt 0:00:18]} 90. Kf6 {[%emt 0:00:03]} Ra8 {[%emt 0:00:38]} 91. Rd7 {[%emt 0:00:55]} Rf8+ {[%emt 0:01:01]} 92. Ke7 {[%emt 0:00:09]} Kg8 {[%emt 0:00:32]} 93. Rd8 {[%emt 0:00:06]} Rxd8 {[%emt 0:00:05]} 94. Kxd8 {[%emt 0:00:09]} Kf8 {[%emt 0:00:15]} 95. Kd7 {[%emt 0:00:05]} Kg8 {[%emt 0:00:03]} 96. Ke7 {[%emt 0:00:12]} Kh8 {[%emt 0:00:04]} 97. g7+ {[%emt 0:00:11]} Kg8 {[%emt 0:00:09]} 98. Kf6 {[%emt 0:00:06]} Kh7 {[%emt 0:00:05]} 99. Kf7 {[%emt 0:00:04]} Kxh6 {[%emt 0:00:05]} 100. g8=Q {[%emt 0:00:06]} Kh5 {[%emt 0:00:02]} 101. Kf6 {[%emt 0:00:10]} Kh4 {[%emt 0:00:05]} 102. Kf5 {[%emt 0:00:06]} Kh3 {[%emt 0:00:05]} 103. Kf4 {[%emt 0:00:05]} Kh2 {[%emt 0:00:05]} 104. Kf3 {[%emt 0:00:04]} Kh1 {[%emt 0:00:06]} 105. Qg2# 1-0

[Event "Karnataka State Open-ch 2018"]
[Site "Bengaluru"]
[Date "2018.04.15"]
[Round "4"]
[White "Kishan, Gangolli"]
[Black "Tejes Suresh Kumar"]
[Result "1-0"]
[WhiteElo "1974"]
[BlackElo "1471"]
[Annotator "NA"]
[PlyCount "97"]
[EventDate "2018.??.??"]
[EventType "swiss"]
[EventCountry "IND"]
[SourceTitle "playchess.com"]
[Source "ChessBase"]
[SourceQuality "1"]
[TimeControl "5400+30"]

1. d4 d5 2. c4 e6 3. Nc3 Nf6 4. cxd5 exd5 5. Bg5 Be7 6. e3 c6 7. Bd3 Nbd7 8. Qc2 O-O 9. Nf3 Re8 10. O-O Nf8 11. Rab1 a5 12. a3 g6 13. b4 Ne4 14. Bxe7 Qxe7 15. Rfc1 Bf5 16. Bxe4 Bxe4 17. Nxe4 Qxe4 18. b5 Rac8 19. Qa4 c5 20. Qxa5 cxd4 21. Nxd4 Ra8 22. Qb4 Ne6 23. h3 Nxd4 24. exd4 Qd3 25. Rb3 Qe2 26. a4 Re4 27. Rf3 Qa2 28. Qd6 Rf8 29. Rc7 Qa1+ 30. Kh2 Qxd4 31. Rxb7 Re6 32. Qf4 Re4 33. Qc7 Qe5+ 34. Qxe5 Rxe5 35. a5 f5 36. a6 d4 37. a7 Ree8 38. Rd7 Ra8 39. b6 g5 40. Ra3 g4 41. b7 g3+ 42. fxg3 f4 43. gxf4 Rad8 44. Rxd8 Rxd8 45. b8=Q Rxb8 46. axb8=Q+ Kg7 47. Ra6 d3 48. Qc7+ Kg8 49. Ra8# 1-0

[Event "Karnataka State Open-ch 2018"]
[Site "Bengaluru"]
[Date "2018.04.15"]
[Round "4"]
[White "Santoshkashyap, Hg"]
[Black "Hariharan, Subramony"]
[Result "1-0"]
[WhiteElo "1929"]
[BlackElo "1433"]
[Annotator "NA"]
[PlyCount "72"]
[EventDate "2018.??.??"]
[EventType "swiss"]
[EventCountry "IND"]
[SourceTitle "playchess.com"]
[Source "ChessBase"]
[SourceQuality "1"]
[TimeControl "5400+30"]

1. d4 {[%emt 0:00:00]} Nf6 {[%emt 0:07:08]} 2. Nf3 {[%emt 0:00:00]} d5 {[%emt 0:00:28]} 3. c4 {[%emt 0:00:00]} e6 {[%emt 0:00:20]} 4. Nc3 {[%emt 0:00:00]} c6 {[%emt 0:00:08]} 5. Bg5 {[%emt 0:00:09]} Be7 {[%emt 0:00:14]} 6. e3 {[%emt 0:00:08]} h6 {[%emt 0:00:09]} 7. Bh4 {[%emt 0:00:04]} Nbd7 {[%emt 0:00:13]} 8. Qc2 {[%emt 0:00:08]} a6 {[%emt 0:00:08]} 9. Rd1 {[%emt 0:01:49]} b5 {[%emt 0:01:18]} 10. cxd5 {[%emt 0:07:33]} cxd5 {[%emt 0:00:54]} 11. Bd3 {[%emt 0:00:16]} Bb7 {[%emt 0:00:10]} 12. O-O {[%emt 0:00:57]} Rc8 {[%emt 0:00:13]} 13. Qb1 {[%emt 0:09:25]} O-O 14. Rc1 {[%emt 0:00:28]} Re8 {[%emt 0:00:27]} 15. Bg3 {[%emt 0:00:52]} Qb6 {[%emt 0:00:55]} 16. b4 {[%emt 0:00:48]} Bd6 {[%emt 0:00:18]} 17. Bxd6 {[%emt 0:02:34]} Qxd6 {[%emt 0:02:35]} 18. a4 {[%emt 0:00:15]} bxa4 {[%emt 0:00:50]} 19. Nxa4 {[%emt 0:00:09]} Rxc1 {[%emt 0:03:35]} 20. Rxc1 {[%emt 0:00:08]} Rc8 {[%emt 0:00:08]} 21. Rxc8+ {[%emt 0:03:55]} Bxc8 {[%emt 0:00:10]} 22. Qc2 {[%emt 0:00:12]} Bb7 {[%emt 0:00:19]} 23. Nc5 {[%emt 0:00:09]} Qb6 {[%emt 0:00:51]} 24. Nxb7 {[%emt 0:00:35]} Qxb7 {[%emt 0:00:03]} 25. Qa4 {[%emt 0:00:11]} Nb8 {[%emt 0:00:27]} 26. Ne5 {[%emt 0:00:21]} Qc8 {[%emt 0:02:47]} 27. g3 {[%emt 0:02:35]} Qb7 {[%emt 0:04:42]} 28. Kg2 {[%emt 0:02:50]} Qc8 {[%emt 0:03:06]} 29. h3 {[%emt 0:14:23]} Qb7 {[%emt 0:02:00]} 30. b5 {[%emt 0:00:44]} axb5 {[%emt 0:01:10]} 31. Bxb5 {[%emt 0:00:07]} Qc7 {[%emt 0:00:51]} 32. Be8 {[%emt 0:03:17]} Nxe8 {[%emt 0:02:17]} 33. Qxe8+ {[%emt 0:00:07]} Kh7 {[%emt 0:00:09]} 34. Nxf7 Qd7 35. Qh8+ Kg6 36. Ne5+ {Kh7 Nf7+ Qc7 Qe8 Qd7 Qh8+ Kg6 Ne5+ Qc7 Qf8+ Kh7 Nf7 Qb6 Qh8+ Kg6 Ne5+} Kf6 1-0

[Event "Karnataka State Open-ch 2018"]
[Site "Bengaluru"]
[Date "2018.04.15"]
[Round "4"]
[White "Isha, Sharma"]
[Black "Nirupam, Gogoi"]
[Result "1-0"]
[WhiteElo "1926"]
[BlackElo "1334"]
[Annotator "NA"]
[PlyCount "65"]
[EventDate "2018.??.??"]
[EventType "swiss"]
[EventCountry "IND"]
[SourceTitle "playchess.com"]
[Source "ChessBase"]
[SourceQuality "1"]
[TimeControl "5400+30"]

1. e4 {[%emt 0:00:00]} c6 {[%emt 0:00:09]} 2. d4 {[%emt 0:00:00]} d5 {[%emt 0:00:08]} 3. e5 {[%emt 0:00:13]} Bf5 {[%emt 0:00:19]} 4. h4 {[%emt 0:00:14]} h5 {[%emt 0:01:50]} 5. Bd3 {[%emt 0:00:21]} Bxd3 {[%emt 0:01:20]} 6. Qxd3 {[%emt 0:00:06]} e6 {[%emt 0:00:29]} 7. Nf3 {[%emt 0:00:25]} a6 {[%emt 0:01:26]} 8. a4 {[%emt 0:01:16]} c5 {[%emt 0:00:30]} 9. Bg5 {[%emt 0:03:08]} Be7 {[%emt 0:01:07]} 10. O-O {[%emt 0:00:53]} c4 {[%emt 0:00:39]} 11. Qe3 {[%emt 0:00:42]} Nc6 {[%emt 0:01:03]} 12. Nc3 {[%emt 0:01:56]} Qd7 {[%emt 0:04:03]} 13. b3 {[%emt 0:12:01]} cxb3 {[%emt 0:06:28]} 14. cxb3 {[%emt 0:00:05]} Nh6 {[%emt 0:03:58]} 15. Ne2 {[%emt 0:02:12]} Nf5 {[%emt 0:03:42]} 16. Qf4 {[%emt 0:02:47]} f6 {[%emt 0:04:42]} 17. exf6 {[%emt 0:13:00]} gxf6 {[%emt 0:01:48]} 18. Ng3 {[%emt 0:01:20]} fxg5 {[%emt 0:02:25]} 19. Nxg5 {[%emt 0:00:07]} Ncxd4 {[%emt 0:05:04]} 20. Qe5 {[%emt 0:01:00]} Rh6 {[%emt 0:03:39]} 21. Nxf5 {[%emt 0:01:22]} Nxf5 {[%emt 0:10:55]} 22. Rae1 {[%emt 0:04:44]} Bf6 {[%emt 0:05:02]} 23. Qxf5 {[%emt 0:00:37]} e5 {[%emt 0:02:42]} 24. Ne6 {[%emt 0:05:26]} Kf7 {[%emt 0:05:13]} 25. Rxe5 {[%emt 0:00:24]} Kg8 {[%emt 0:03:07]} 26. Rxd5 {[%emt 0:00:44]} Qe7 {[%emt 0:06:33]} 27. Nf4 {[%emt 0:00:49]} Bg7 {[%emt 0:12:23]} 28. Rd7 {[%emt 0:01:26]} Qf8 {[%emt 0:01:04]} 29. Qd5+ {[%emt 0:01:14]} Kh8 {[%emt 0:01:26]} 30. Nxh5 {[%emt 0:01:03]} Bf6 {[%emt 0:03:12]} 31. Rf7 {[%emt 0:01:17]} Qg8 {[%emt 0:01:41]} 32. Nxf6 {[%emt 0:00:11]} Rxf6 {[%emt 0:01:54]} 33. Qh5+ {[%emt 0:00:07]} 1-0

[Event "Karnataka State Open-ch 2018"]
[Site "Bengaluru"]
[Date "2018.04.15"]
[Round "4"]
[White "Reetish, Padhi"]
[Black "Kamatham, Balaji"]
[Result "1/2-1/2"]
[WhiteElo "1915"]
[BlackElo "1324"]
[Annotator "NA"]
[PlyCount "96"]
[EventDate "2018.??.??"]
[EventType "swiss"]
[EventCountry "IND"]
[SourceTitle "playchess.com"]
[Source "ChessBase"]
[SourceQuality "1"]
[TimeControl "5400+30"]

1. b3 {[%emt 0:00:00]} e5 {[%emt 0:00:30]} 2. Bb2 {[%emt 0:00:00]} d6 {[%emt 0:00:37]} 3. c4 {[%emt 0:01:03]} b6 {[%emt 0:01:10]} 4. g3 {[%emt 0:12:31]} Bb7 {[%emt 0:01:29]} 5. Nf3 {[%emt 0:00:06]} Nd7 {[%emt 0:01:13]} 6. Bg2 {[%emt 0:01:05]} Ngf6 {[%emt 0:02:03]} 7. Nc3 {[%emt 0:01:11]} Be7 {[%emt 0:00:24]} 8. O-O {[%emt 0:01:31]} O-O {[%emt 0:01:29]} 9. Qc2 {[%emt 0:01:24]} h6 {[%emt 0:02:12]} 10. d4 {[%emt 0:08:43]} exd4 {[%emt 0:02:34]} 11. Nxd4 {[%emt 0:00:07]} Bxg2 {[%emt 0:01:06]} 12. Kxg2 {[%emt 0:00:06]} Ne5 {[%emt 0:00:28]} 13. e4 {[%emt 0:01:40]} Qd7 {[%emt 0:05:32]} 14. f4 {[%emt 0:05:00]} Ng6 {[%emt 0:07:26]} 15. Nf5 {[%emt 0:02:40]} Rfe8 {[%emt 0:04:45]} 16. Nd5 {[%emt 0:14:18]} Nxd5 {[%emt 0:05:44]} 17. exd5 {[%emt 0:00:34]} Bf8 {[%emt 0:03:11]} 18. Rfe1 {[%emt 0:00:58]} Rxe1 {[%emt 0:03:19]} 19. Rxe1 {[%emt 0:00:07]} Re8 {[%emt 0:00:12]} 20. Rxe8 {[%emt 0:03:34]} Qxe8 {[%emt 0:00:09]} 21. Kf2 {[%emt 0:00:49]} Qd7 {[%emt 0:01:14]} 22. Qe4 {[%emt 0:02:25]} Ne7 {[%emt 0:02:42]} 23. Nd4 {[%emt 0:01:01]} Qh3 {[%emt 0:02:19]} 24. Qg2 {[%emt 0:04:13]} Qd7 {[%emt 0:02:01]} 25. Ke2 {[%emt 0:05:12]} g6 {[%emt 0:03:25]} 26. Kd3 {[%emt 0:04:05]} Bg7 {[%emt 0:03:35]} 27. Qe4 {[%emt 0:02:52]} Kf8 {[%emt 0:02:21]} 28. Bc3 {[%emt 0:02:06]} a6 {[%emt 0:01:13]} 29. Nf3 {[%emt 0:06:26]} a5 {[%emt 0:05:58]} 30. Bxg7+ {[%emt 0:02:27]} Kxg7 {[%emt 0:00:13]} 31. Nd4 {[%emt 0:01:26]} Kf8 {[%emt 0:01:19]} 32. a3 {[%emt 0:03:17]} Qg4 {[%emt 0:01:13]} 33. Qe2 {[%emt 0:02:44]} Qd7 {[%emt 0:00:42]} 34. g4 {[%emt 0:05:11]} Ng8 {[%emt 0:05:52]} 35. f5 {[%emt 0:03:06]} Ne7 {[%emt 0:04:56]} 36. Qe3 {[%emt 0:00:59]} Kg7 {[%emt 0:01:21]} 37. Qf4 {[%emt 0:00:58]} gxf5 {[%emt 0:02:12]} 38. gxf5 {[%emt 0:00:18]} Ng8 {[%emt 0:01:05]} 39. Qg4+ {[%emt 0:00:58]} Kf8 {[%emt 0:00:39]} 40. Qf4 {[%emt 0:01:13]} Qe7 {[%emt 0:00:33]} 41. Nc6 {[%emt 0:01:19]} Qf6 {[%emt 0:00:07]} 42. Nb8 {[%emt 0:00:39]} Qb2 {[%emt 0:01:45]} 43. f6 {[%emt 0:00:29]} Qxb3+ {[%emt 0:00:40]} 44. Kd2 {[%emt 0:00:09]} Qb2+ {[%emt 0:00:16]} 45. Kd1 {[%emt 0:00:11]} Qb1+ {[%emt 0:00:59]} 46. Kd2 {[%emt 0:00:07]} Qb2+ {[%emt 0:00:14]} 47. Kd1 {[%emt 0:00:02]} Qb1+ {[%emt 0:03:46]} 48. Kd2 {[%emt 0:00:05]} Qb2+ {[%emt 0:00:17]} 1/2-1/2

[Event "Karnataka State Open-ch 2018"]
[Site "Bengaluru"]
[Date "2018.04.15"]
[Round "4"]
[White "Raghavendra, V."]
[Black "Yatish, B."]
[Result "1-0"]
[WhiteElo "1898"]
[BlackElo "1323"]
[Annotator "NA"]
[PlyCount "41"]
[EventDate "2018.??.??"]
[EventType "swiss"]
[EventCountry "IND"]
[SourceTitle "playchess.com"]
[Source "ChessBase"]
[SourceQuality "1"]
[TimeControl "5400+30"]

1. e4 {[%emt 0:00:00]} e6 {[%emt 0:00:07]} 2. b3 {[%emt 0:00:00]} d5 {[%emt 0:00:36]} 3. Bb2 {[%emt 0:00:00]} Nf6 {[%emt 0:01:25]} 4. e5 {[%emt 0:00:00]} Nfd7 {[%emt 0:01:14]} 5. c4 {[%emt 0:00:00]} c6 {[%emt 0:05:12]} 6. Nf3 {[%emt 0:00:13]} Be7 {[%emt 0:01:12]} 7. d4 {[%emt 0:01:06]} O-O {[%emt 0:02:01]} 8. Bd3 {[%emt 0:00:11]} Na6 {[%emt 0:03:25]} 9. O-O {[%emt 0:00:40]} f5 {[%emt 0:01:36]} 10. exf6 {[%emt 0:02:16]} Bxf6 {[%emt 0:02:44]} 11. Nc3 {[%emt 0:01:42]} Nc7 {[%emt 0:01:35]} 12. Qc2 {[%emt 0:08:34]} h6 {[%emt 0:01:38]} 13. Rad1 {[%emt 0:01:11]} c5 {[%emt 0:11:06]} 14. cxd5 {[%emt 0:02:24]} cxd4 {[%emt 0:04:40]} 15. Nxd4 {[%emt 0:03:25]} Ne5 {[%emt 0:06:35]} 16. Bh7+ {[%emt 0:04:11]} Kh8 {[%emt 0:00:40]} 17. dxe6 {[%emt 0:00:49]} Qe7 {[%emt 0:02:47]} 18. Ncb5 {[%emt 0:04:26]} Nxb5 {[%emt 0:03:36]} 19. Nxb5 {[%emt 0:00:02]} Bxe6 {[%emt 0:02:06]} 20. Ba3 {[%emt 0:00:35]} Rfc8 {[%emt 0:03:24]} 21. Bxe7 {[%emt 0:00:26]} 1-0

[Event "Karnataka State Open-ch 2018"]
[Site "Bengaluru"]
[Date "2018.04.15"]
[Round "4"]
[White "Karmacharya, Upendra"]
[Black "Ojas, Kulkarni"]
[Result "0-1"]
[WhiteElo "1764"]
[BlackElo "2252"]
[Annotator "TA"]
[PlyCount "54"]
[EventDate "2018.??.??"]
[EventType "swiss"]
[EventCountry "IND"]
[SourceTitle "playchess.com"]
[Source "ChessBase"]
[SourceQuality "1"]

{[%evp 9,54,-6,0,0,33,26,32,8,24,0,0,0,0,0,0,-9,-8,-37,-27,-28,0,0,0,8,0,-23,97,74,65,71,68,-40,-34,-425,-439,-414,-409,-393,-240,-783,-770,-753,-747,-1103,-1021,-1031,-979]} 1. e4 Nf6 2. d3 d5 3. exd5 Nxd5 4. Nf3 (4. g3 g6 5. Bg2 Bg7 6. Ne2 Nc6 7. O-O O-O 8. Nbc3 Be6 9. Nf4 Nxf4 10. Bxf4 Qd7 11. Re1 {0-1 (29) Chigaev,M (2526)-Pavlov,S (2454) Minsk 2015}) 4... Bg4 {[%cal Bc8g4,Bg4h5,Bh5g6][%mdl 32]} 5. h3 Bh5 6. Be2 {B01: Scandinavian Defence} Nc6 7. O-O e6 {[%cal Be7e6,Be6e5,Be5e4][%mdl 32]} 8. Nc3 $146 {[%cal Bb1c3,Bc3e4,Be4g3][%mdl 32] White is slightly better.} ({Predecessor:} 8. Bd2 Be7 9. Nc3 O-O 10. Nxd5 exd5 {½-½ (35) Vaculik,J (822)-Lenz,J (905) LSS email 2014}) 8... Be7 9. Ne4 O-O 10. Ng3 Bg6 11. c3 e5 12. d4 e4 13. Ne1 f5 14. Bh5 Bh4 15. Bxg6 hxg6 16. Ne2 f4 $36 {[%mdl 2048] Black has good play.} 17. f3 Ne3 (17... e3 $11 {keeps the balance.}) 18. Qb3+ Kh7 19. Bxe3 $1 fxe3 20. Qxb7 (20. g3 $14) 20... Qd6 $15 {[#] aiming for ...Rab8.} 21. b4 $2 {[%mdl 8192]} (21. Qb3 $1 $15) 21... Rab8 $19 22. Qa6 Nxd4 23. Qc4 exf3 24. Nxf3 $2 {[#]} (24. Qxd4 f2+ 25. Kh1 fxe1=B 26. Rfxe1 Bxe1 27. Rxe1) 24... Bf2+ $1 {Black is clearly winning.} 25. Rxf2 exf2+ 26. Kxf2 Nxf3 27. gxf3 Qh2+ {Precision: White = 37%, Black = 70%.} 0-1

[Event "Karnataka State Open-ch 2018"]
[Site "Bengaluru"]
[Date "2018.04.15"]
[Round "4"]
[White "Kaushik G Iyer"]
[Black "Stany, G.A"]
[Result "0-1"]
[WhiteElo "1586"]
[BlackElo "2493"]
[Annotator "TA"]
[PlyCount "120"]
[EventDate "2018.??.??"]
[EventType "swiss"]
[EventCountry "IND"]
[SourceTitle "playchess.com"]
[Source "ChessBase"]
[SourceQuality "1"]

{[%evp 17,120,5,7,-4,14,-3,9,10,6,14,10,0,12,0,15,7,12,8,31,6,57,19,47,0,48,-102,-95,-96,-100,-145,-119,-392,-394,-545,-534,-550,-562,-623,-605,-572,-383,-744,-646,-653,-604,-588,-464,-466,-432,-585,-568,-656,-648,-656,-618,-657,-657,-646,-628,-681,-672,-664,-672,-671,-669,-718,-710,-766,-785,-785,-753,-863,-846,-987,-947,-1173,-1098,-1352,-1326,-1994,-2035,-1841,-1780,-2678,-2506,-29974,-5895,-29986,-29987,-29984,-29985,-29991,-29992,-29992,-29993,-29993,-29994,-29994,-29992,-29998,-29995,-29995,-29996,-29996,-29997]} 1. d4 Nf6 2. c4 e6 3. Nf3 b6 4. g3 Ba6 5. b3 Bb7 6. Bg2 Bb4+ 7. Bd2 c5 8. O-O O-O 9. a3 {E15: Queen's Indian: 4 g3 sidelines, 4 g3 Ba6 and 4 g3 Bb7 early deviations} (9. Bxb4 cxb4 10. Qd3 a5 11. Nbd2 d6 12. Nh4 Bxg2 13. Nxg2 Re8 14. Rfd1 Nbd7 15. e4 e5 16. Ne3 Nf8 17. f3 Ne6 18. Nc2 {1-0 (51) Bruzon Batista,L (2660)-Hambleton,A (2479) Montreal 2017}) 9... Bxd2 {LiveBook: 5 Games} 10. Nbxd2 d6 11. Qc2 {The position is equal.} Nbd7 $146 ({Find the theoretical novelty and annotate with similar games:} 11... Nc6 12. Qb2 Qc7 13. e3 Ne7 14. Rac1 Rad8 15. Rfd1 Qb8 16. b4 Qa8 {0-1 (58) Markzitser,D (2230)-Morawietz,D (2438) Cologne 2007}) 12. e4 cxd4 13. Nxd4 a6 14. Rac1 Rc8 15. Qd3 Qc7 16. b4 Rfd8 17. f4 Qb8 18. h3 Qa8 (18... Ne5 $11 19. Qe3 Nc6) 19. Ne2 Bc6 20. Nd4 Bb7 $1 {With the idea ...Nc5!} 21. g4 {[#]} (21. Qe3 $14 {keeps the upper hand.}) 21... Nc5 $1 $17 {[%cal Rc5d3,Bd7c5,Bc5e4,Be4d2][%mdl 544]} 22. Qe3 (22. bxc5 dxc5) 22... Ncxe4 23. g5 Nxd2 24. gxf6 $2 {[%mdl 8192]} (24. Qxd2 $17 Ne4 25. Bxe4 Bxe4 26. Rfe1) 24... Bxg2 $19 25. Qg3 {[%csl Gf6][%cal Rg3g7]} g6 26. Rf2 Ne4 27. Qh4 {[#]} Bh1 $1 28. Re2 (28. Kxh1 Nxf2+) 28... b5 29. Rce1 $2 (29. Kxh1 Rxc4 30. Rxc4 bxc4 31. Kh2) 29... Kh8 30. Kxh1 Rxc4 31. Nf3 {[#]} Ng5 $1 {[%mdl 512]} 32. Qxg5 (32. fxg5 Qxf3+) 32... Qxf3+ 33. Kg1 Rxf4 34. Re3 Qf2+ 35. Kh1 Rxf6 36. R3e2 Qf4 37. Qxf4 Rxf4 {[%mdl 4096] Endgame KRR-KRR} 38. Rd1 d5 39. Kg2 Kg7 40. Kg3 Rc4 41. Rd3 Rdc8 42. Ree3 Kf6 43. Rf3+ Ke7 44. Rfe3 Kd6 45. Kf3 e5 {[%cal Be6e5,Be5e4][%mdl 32]} 46. Kf2 e4 47. Rb3 f5 48. h4 d4 49. Re1 Rc3 50. Rxc3 Rxc3 {KR-KR} 51. h5 g5 52. h6 Ke5 {Black mates.} 53. a4 f4 {[%cal Bf5f4,Bf4f3][%mdl 32]} 54. a5 Rc2+ 55. Kf1 d3 {[%cal Bd4d3,Bd3d2][%mdl 32]} 56. Rd1 f3 57. Ke1 e3 58. Ra1 Ke4 59. Kf1 d2 60. Kg1 Rc1+ {Precision: White = 19%, Black = 50%.} 0-1